| 000 | 00550nam a2200145Ia 4500 | ||
|---|---|---|---|
| 008 | 220216s9999 xx 000 0 und d | ||
| 100 | _aJessy M.D. | ||
| 245 | 0 | _aEffect of irrigation, soil and moisture conservation on growth and yield of rubber | |
| 260 |
_bIn: Water management for plantation crops: Problems and prospects. (Ed. K.V. Satheesan). Centre for Water Resources Development and Management, Kozhikode, India, pp. 93-96. _c1994 |
||
| 650 | _aGrowth | ||
| 650 | _aIrrigation | ||
| 700 | _aGeorge S. | ||
| 700 | _aMathew M. | ||
| 942 | _cBS | ||
| 999 |
_c51565 _d51565 |
||